000 00509nam a2200193Ia 4500
003 IN-BaIIA
008 211028s9999 xx 000 0 eng d
020 _a0-471-80194-1
040 _cIIA Library
080 _a621.389.04
_bSMI
100 _aSmith, John I
_97131
245 0 _aModern operational circuit design
_cJohn I. Smith
260 _aNew York
_bJohn Wiley & Sons
_c1971
300 _axi, 256p.
650 _aCircuits
_91974
650 _aElectronics
_91576
650 _aNASA Thesaurus
942 _cBK
999 _c4039
_d4039